| 000 | 01335cam a2200337 a 4500 | ||
|---|---|---|---|
| 001 | 15216880 | ||
| 005 | 20161102144342.0 | ||
| 008 | 080312s2008 inua 001 0 eng | ||
| 010 | _a2008011637 | ||
| 020 | _a9781587132056 (hardcover w/cd) | ||
| 020 | _a1587132052 (hardcover w/cd) | ||
| 035 | _a(OCoLC)ocn213408608 | ||
| 035 | _a(OCoLC)213408608 | ||
| 040 |
_aDLC _cDLC _dBAKER _dC#P _dYDXCP _dBWX _dDLC |
||
| 050 | 0 | 0 |
_aQA76.3 _b.V334 2008 |
| 082 | 0 | 0 |
_a004.6 _222 _bVAC |
| 100 | 1 |
_aVachon, Bob. _94059 |
|
| 245 | 1 | 0 |
_aAccessing the WAN : _bCCNA Exploration Companion Guide / _cBob Vachon, Rick Graziani. |
| 260 |
_aIndianapolis, Ind. : _bCisco Press, _cc2008. |
||
| 300 |
_axxiv, 668 p. : _bill. (some col.) ; _c25 cm. + _e1 CD-ROM (4 3/4 in.). |
||
| 490 | 1 | _aCisco Networking Academy series | |
| 500 | _aIncludes index. | ||
| 650 | 0 |
_aWide area networks (Computer networks) _94061 |
|
| 650 | 0 |
_aComputer networks _xExaminations _vStudy guides. _94062 |
|
| 650 | 0 |
_94060 _aElectronic data processing personnel _xCertification |
|
| 700 | 1 |
_aGraziani, Rick. _94063 |
|
| 710 | 2 |
_aCisco Systems, Inc. _94064 |
|
| 830 | 0 |
_aCisco Networking Academy Program series. _94065 |
|
| 942 |
_2ddc _cBB |
||
| 999 |
_c11384 _d11384 |
||